[Event "Montreal Mercredi 02"]
[Site "Montreal CAN"]
[Date "2012.03.21"]
[Round "5"]
[White "Nardone, Raul"]
[Black "Valle-Romo, Ricardo"]
[Result "1/2-1/2"]
[WhiteElo "1911"]
[BlackElo "2085"]
[PlyCount "93"]
[GameId "2160767909576277"]
[EventDate "2012.02.22"]
[EventType "swiss"]
[EventRounds "5"]
[EventCountry "CAN"]

1. e4 e6 2. d4 d5 3. Nd2 c5 4. exd5 exd5 5. Bb5+ Nc6 6. Qe2+ Be6 7. dxc5 Bxc5 8. Nb3 Bb6 9. Nf3 Nge7 10. O-O O-O 11. Bg5 Qd6 12. Rad1 h6 13. Be3 Bxe3 14. Qxe3 Bg4 15. c3 Nf5 16. Qd3 a6 17. Bxc6 bxc6 18. Rd2 Ne7 19. h3 Bf5 20. Qd4 a5 21. Ne5 Rfc8 22. Nc4 Qg6 23. Ne5 Qd6 24. Nc4 Qc7 25. Nb6 c5 26. Nxa8 cxd4 27. Nxc7 dxc3 28. bxc3 Rxc7 29. Nxa5 Rxc3 30. Nb3 Bd3 31. Re1 Ng6 32. g3 Bc4 33. h4 f6 34. Rc1 Rxb3 35. axb3 Bxb3 36. f4 Ne7 37. Kf2 h5 38. Rc7 Nf5 39. Rc5 Nd6 40. Rd4 f5 41. Rcxd5 Bxd5 42. Rxd5 Ne4+ 43. Kf3 g6 44. Re5 Nf6 45. Re7 Kf8 46. Ra7 Ne4 47. Ra4 1/2-1/2

[Event "Montreal Mercredi 02"]
[Site "Montreal CAN"]
[Date "2012.03.21"]
[Round "5"]
[White "Ramaswamy, Kiran"]
[Black "Boudreau, Daniel"]
[Result "1-0"]
[WhiteElo "1947"]
[BlackElo "1902"]
[PlyCount "123"]
[GameId "2160767909576278"]
[EventDate "2012.02.22"]
[EventType "swiss"]
[EventRounds "5"]
[EventCountry "CAN"]
[SourceTitle "EXT 2022"]
[Source "ChessBase"]
[SourceDate "2021.10.06"]
[SourceVersion "1"]
[SourceVersionDate "2021.10.06"]
[SourceQuality "1"]

1. c4 c5 2. g3 g6 3. Bg2 Bg7 4. Nf3 Nc6 5. Nc3 Nh6 6. d3 Nf5 7. Bf4 a6 8. Qc2 d6 9. O-O Rb8 10. a4 Ncd4 11. Rab1 Qa5 12. Nxd4 Nxd4 13. Rfe1 Bd7 14. b3 Bc6 15. Nd5 h5 16. e4 e5 17. Bg5 Bxd5 18. exd5 f6 19. Bd2 Qc7 20. h4 a5 21. Qd1 f5 22. Bg5 O-O 23. Qd2 Kh7 24. Rf1 b6 25. Kh1 Rf7 26. Be3 f4 27. Bxd4 exd4 28. Bh3 Be5 29. Kg2 Qe7 30. Rbe1 Rbf8 31. Qd1 Qf6 32. Re4 Kh6 33. Be6 Re7 34. Qd2 Kg7 35. Rg1 fxg3 36. fxg3 Qf3+ 37. Kh3 Ree8 38. Re2 Rf6 39. Rgg2 Rff8 40. Re1 Kh7 41. Ree2 Kg7 42. Re1 Rxe6 43. dxe6 Qg4+ 44. Kh2 Qxh4+ 45. Kg1 Bxg3 46. e7 Re8 47. Re4 Qh3 48. Qg5 h4 49. Rg4 Kf7 50. Qxg6+ Kxe7 51. Re4+ Be5 52. Qg5+ Kd7 53. Rxh4 Qe3+ 54. Qxe3 dxe3 55. Re4 d5 56. cxd5 Kd6 57. Rg6+ Kd7 58. Kg2 Re7 59. Rxe3 Bd4 60. Rxe7+ Kxe7 61. Rxb6 c4 62. Rb7+ 1-0

[Event "Montreal Mercredi 02"]
[Site "Montreal CAN"]
[Date "2012.03.21"]
[Round "5"]
[White "Rondon, Luciano"]
[Black "Lacroix, Serge"]
[Result "0-1"]
[WhiteElo "1792"]
[BlackElo "1858"]
[PlyCount "129"]
[GameId "2160767909576279"]
[EventDate "2012.02.22"]
[EventType "swiss"]
[EventRounds "5"]
[EventCountry "CAN"]
[SourceTitle "EXT 2022"]
[Source "ChessBase"]
[SourceDate "2021.10.06"]
[SourceVersion "1"]
[SourceVersionDate "2021.10.06"]
[SourceQuality "1"]

1. d4 Nf6 2. c4 g6 3. Nc3 Bg7 4. e4 O-O 5. Be2 d6 6. f4 e5 7. fxe5 dxe5 8. d5 c6 9. Be3 Ng4 10. Bxg4 Qh4+ 11. Bf2 Qxg4 12. Qxg4 Bxg4 13. h3 Bd7 14. Nf3 f5 15. Bg3 cxd5 16. cxd5 f4 17. Bf2 Na6 18. O-O b6 19. Rfd1 Rfe8 20. a4 Nc5 21. Bxc5 bxc5 22. Nb5 Rab8 23. Rd2 a6 24. Nd6 Red8 25. Nc4 Re8 26. Rc2 Rb4 27. a5 Bb5 28. Nd6 Rd8 29. Nxb5 Rxb5 30. Nd2 Kf7 31. Nc4 Kf6 32. Rd1 Bf8 33. Rdc1 g5 34. Kf2 h5 35. Kf3 Rb3+ 36. Rc3 Rb4 37. g4 h4 38. Rd1 Bd6 39. Nxd6 Rxd6 40. Rxc5 Rb3+ 41. Rc3 Rxb2 42. Rdc1 Rh2 43. Rc6 Rxh3+ 44. Kf2 Ke7 45. Rc7+ Rd7 46. R7c6 Rh2+ 47. Kf3 Rb7 48. Rc7+ Rxc7 49. Rxc7+ Kd8 50. Rc6 Rh3+ 51. Kf2 Re3 52. Rxa6 Rxe4 53. Rg6 Ra4 54. Rxg5 e4 55. Re5 Ra2+ 56. Kf1 e3 57. g5 Rf2+ 58. Kg1 h3 59. a6 h2+ 60. Kh1 Ra2 61. g6 Rxa6 62. Re6 Rxe6 63. dxe6 e2 64. g7 e1=Q+ 65. Kxh2 0-1

[Event "Montreal Mercredi 04"]
[Site "Montreal CAN"]
[Date "2012.04.04"]
[Round "1"]
[White "Cockburn, Denton"]
[Black "Levkovsky, Alexandre"]
[Result "0-1"]
[WhiteElo "2277"]
[BlackElo "2283"]
[PlyCount "114"]
[GameId "2160767909509671"]
[EventDate "2012.04.13"]
[EventType "swiss"]
[EventRounds "5"]
[EventCountry "CAN"]
[SourceTitle "EXT 2022"]
[Source "ChessBase"]
[SourceDate "2021.10.06"]
[SourceVersion "1"]
[SourceVersionDate "2021.10.06"]
[SourceQuality "1"]

1. d4 Nf6 2. c4 e6 3. Nf3 b6 4. a3 Ba6 5. Qc2 c6 6. Bg5 d5 7. Nbd2 Be7 8. e3 c5 9. dxc5 bxc5 10. Bxf6 Bxf6 11. cxd5 Bxf1 12. Kxf1 O-O 13. dxe6 fxe6 14. Ke2 Nd7 15. Rhd1 Qe8 16. Ne4 Nb6 17. Nxf6+ Rxf6 18. Qxc5 Rc8 19. Qb4 Nd5 20. Qd2 Qh5 21. Ke1 Rcf8 22. Qe2 Qg4 23. Qf1 Rxf3 24. gxf3 Qxf3 25. Rd3 Rc8 26. Rad1 Rc2 27. R3d2 Rc7 28. Qg1 Rc8 29. Qg3 Qf5 30. h3 h5 31. Ke2 Kh7 32. Qf3 Qg6 33. e4 Nf6 34. Rd4 Rc2+ 35. R1d2 Rc5 36. b4 Rc1 37. e5 Nd5 38. Qd3 Rg1 39. Rxd5 exd5 40. e6 Qxd3+ 41. Rxd3 Kg8 42. Rf3 Rc1 43. Kd3 Rd1+ 44. Kc3 Re1 45. Re3 Rxe3+ 46. fxe3 g5 47. a4 g4 48. hxg4 h4 49. g5 h3 50. g6 Kf8 51. Kd4 h2 52. Ke5 h1=Q 53. Kd6 Qh4 54. g7+ Kxg7 55. Kd7 Kf8 56. Kd6 Qxb4+ 57. Kxd5 Ke7 0-1

[Event "Montreal Mercredi 04"]
[Site "Montreal CAN"]
[Date "2012.04.04"]
[Round "1"]
[White "Cote, Philippe"]
[Black "Hebert, Pierre"]
[Result "1-0"]
[WhiteElo "1672"]
[BlackElo "1669"]
[PlyCount "101"]
[GameId "2160767909509672"]
[EventDate "2012.04.13"]
[EventType "swiss"]
[EventRounds "5"]
[EventCountry "CAN"]
[SourceTitle "EXT 2022"]
[Source "ChessBase"]
[SourceDate "2021.10.06"]
[SourceVersion "1"]
[SourceVersionDate "2021.10.06"]
[SourceQuality "1"]

1. e4 c5 2. Nf3 d6 3. d4 cxd4 4. Nxd4 Nf6 5. Nc3 a6 6. Bc4 e6 7. Bb3 Be7 8. f4 Nc6 9. Be3 Qc7 10. Qe2 b5 11. O-O-O Nxd4 12. Bxd4 Bb7 13. e5 Nd7 14. Qg4 Rg8 15. Bxe6 fxe6 16. Qxe6 Kf8 17. exd6 Bxd6 18. Bxg7+ Rxg7 19. Rxd6 Re8 20. Qh6 Kg8 21. Rhd1 Nc5 22. f5 Ne4 23. Re6 Rxe6 24. Qxe6+ Rf7 25. Nxe4 Qf4+ 26. Nd2 Qxf5 27. Qe8+ Rf8 28. Qe7 Qf7 29. Qe5 Re8 30. Qd4 Qe7 31. Nf3 Bxf3 32. gxf3 Qe3+ 33. Qxe3 Rxe3 34. Rf1 Kf7 35. Kd2 Re6 36. f4 Rh6 37. Rf2 Rh3 38. c3 Kf6 39. Kc2 Kf5 40. Kb3 Rh4 41. Kb4 Rxf4+ 42. Rxf4+ Kxf4 43. a4 bxa4 44. c4 Ke5 45. Kxa4 Kd6 46. b4 Kc6 47. Ka5 Kb7 48. b5 axb5 49. Kxb5 h5 50. h4 Kc7 51. Kc5 1-0

[Event "Montreal Mercredi 04"]
[Site "Montreal CAN"]
[Date "2012.04.04"]
[Round "1"]
[White "Dominique, Vladimir"]
[Black "Le Bas, Nicolas"]
[Result "0-1"]
[WhiteElo "1710"]
[BlackElo "1612"]
[PlyCount "40"]
[GameId "2160767909509673"]
[EventDate "2012.04.13"]
[EventType "swiss"]
[EventRounds "5"]
[EventCountry "CAN"]
[SourceTitle "EXT 2022"]
[Source "ChessBase"]
[SourceDate "2021.10.06"]
[SourceVersion "1"]
[SourceVersionDate "2021.10.06"]
[SourceQuality "1"]

1. e4 e5 2. Nf3 Nc6 3. Bb5 a6 4. Ba4 b5 5. Bb3 Nf6 6. O-O Be7 7. Re1 O-O 8. c3 d5 9. exd5 Nxd5 10. Nxe5 Nxe5 11. Rxe5 c6 12. d4 Bd6 13. Re1 Qh4 14. g3 Qh3 15. Qd3 Bg4 16. Bxd5 cxd5 17. Qf1 Qh5 18. Be3 f5 19. a4 f4 20. axb5 fxg3 0-1

[Event "Montreal Mercredi 04"]
[Site "Montreal CAN"]
[Date "2012.04.04"]
[Round "1"]
[White "Gauthier, Denis"]
[Black "Rainton, Jean-Pierre"]
[Result "1/2-1/2"]
[WhiteElo "1901"]
[BlackElo "1714"]
[PlyCount "91"]
[GameId "2160767909509674"]
[EventDate "2012.04.13"]
[EventType "swiss"]
[EventRounds "5"]
[EventCountry "CAN"]
[SourceTitle "EXT 2022"]
[Source "ChessBase"]
[SourceDate "2021.10.06"]
[SourceVersion "1"]
[SourceVersionDate "2021.10.06"]
[SourceQuality "1"]

1. d4 d5 2. c4 c6 3. Nf3 Nf6 4. e3 g6 5. Nbd2 Bg7 6. Bd3 O-O 7. O-O Bg4 8. h3 Bxf3 9. Nxf3 Nbd7 10. b3 e6 11. Qc2 Rc8 12. Bb2 c5 13. Rac1 dxc4 14. bxc4 cxd4 15. exd4 b6 16. Rfd1 Re8 17. Qe2 Qe7 18. Re1 Qd6 19. Ne5 Nh5 20. Nxd7 Qxd7 21. Qe3 Red8 22. Be2 Nf6 23. Bf3 Qa4 24. Qb3 Qxb3 25. axb3 Nd7 26. Rcd1 Nc5 27. Re3 Rc7 28. Ba1 Rcd7 29. b4 Na6 30. b5 Nb4 31. Rb3 Nc2 32. Bc6 Nxa1 33. Rxa1 Rxd4 34. Rxa7 Rd1+ 35. Kh2 Bd4 36. Rf3 f5 37. Re7 Rd6 38. Ra3 Ra1 39. Rxa1 Bxa1 40. g3 Bd4 41. Kg2 h6 42. Kf3 Kf8 43. Rb7 g5 44. g4 f4 45. Rb8+ Kg7 46. Rb7+ 1/2-1/2

[Event "Montreal Mercredi 04"]
[Site "Montreal CAN"]
[Date "2012.04.04"]
[Round "1"]
[White "Gauthier, Luc"]
[Black "Barko, Maxim"]
[Result "1-0"]
[WhiteElo "1691"]
[BlackElo "1668"]
[PlyCount "93"]
[GameId "2160767909509675"]
[EventDate "2012.04.13"]
[EventType "swiss"]
[EventRounds "5"]
[EventCountry "CAN"]
[SourceTitle "EXT 2022"]
[Source "ChessBase"]
[SourceDate "2021.10.06"]
[SourceVersion "1"]
[SourceVersionDate "2021.10.06"]
[SourceQuality "1"]

1. e4 e6 2. d4 d5 3. e5 c5 4. c3 Nc6 5. Nf3 Qb6 6. Bd3 Bd7 7. dxc5 Bxc5 8. O-O f6 9. b4 Be7 10. b5 Na5 11. a4 Qc7 12. Bf4 f5 13. h3 h6 14. Nd4 g6 15. Nd2 Qxc3 16. N2f3 Qc7 17. Rc1 Bc5 18. Be3 b6 19. Ne2 Nb7 20. Nfd4 Qxe5 21. Bf4 Qf6 22. Nf3 Rh7 23. Be5 Qe7 24. Re1 Nf6 25. Nf4 Ne4 26. Bxe4 fxe4 27. Nd4 Qg5 28. Nxd5 Qxe5 29. Nxe6 Bxe6 30. Rxe4 Qf5 31. Rc2 Rf7 32. Rxe6+ Kf8 33. Qa1 Kg8 34. Rxc5 Nxc5 35. Ne7+ Rxe7 36. Rxe7 Ne6 37. Qa2 Rf8 38. Rxe6 Qf7 39. Rxg6+ Kh7 40. Qxf7+ Rxf7 41. Rc6 h5 42. g3 Kg8 43. Kg2 Rd7 44. h4 Rd4 45. Rc8+ Kf7 46. Rc7+ Kf6 47. Rxa7 1-0

[Event "Montreal Mercredi 04"]
[Site "Montreal CAN"]
[Date "2012.04.04"]
[Round "1"]
[White "Leveille, Francois"]
[Black "De Briey, Laurent"]
[Result "1-0"]
[WhiteElo "2316"]
[BlackElo "2221"]
[PlyCount "53"]
[GameId "2160767909509676"]
[EventDate "2012.04.13"]
[EventType "swiss"]
[EventRounds "5"]
[EventCountry "CAN"]
[SourceTitle "EXT 2022"]
[Source "ChessBase"]
[SourceDate "2021.10.06"]
[SourceVersion "1"]
[SourceVersionDate "2021.10.06"]
[SourceQuality "1"]

1. Nf3 g6 2. d4 Bg7 3. c4 Nf6 4. Nc3 O-O 5. e4 d6 6. Be2 c5 7. d5 e6 8. O-O a6 9. a4 Re8 10. Nd2 exd5 11. cxd5 Nbd7 12. h3 Rb8 13. Ra3 b6 14. Re1 h6 15. Bf1 Nh5 16. Nf3 Qf6 17. e5 Nxe5 18. Nxe5 Rxe5 19. g4 Nf4 20. Ne4 Qe7 21. Bxf4 Rxe4 22. Rxe4 Qxe4 23. Bxd6 Rb7 24. Re3 Qb4 25. Re8+ Kh7 26. Rxc8 Rd7 27. Qe2 1-0

[Event "Montreal Mercredi 04"]
[Site "Montreal CAN"]
[Date "2012.04.04"]
[Round "1"]
[White "Luo, Zhao Yang"]
[Black "Giroux, Robert"]
[Result "1/2-1/2"]
[WhiteElo "2089"]
[BlackElo "1903"]
[PlyCount "70"]
[GameId "2160767909509677"]
[EventDate "2012.04.13"]
[EventType "swiss"]
[EventRounds "5"]
[EventCountry "CAN"]
[SourceTitle "EXT 2022"]
[Source "ChessBase"]
[SourceDate "2021.10.06"]
[SourceVersion "1"]
[SourceVersionDate "2021.10.06"]
[SourceQuality "1"]

1. d4 Nf6 2. Nf3 g6 3. Bg5 Bg7 4. Nbd2 O-O 5. e4 d5 6. Bxf6 Bxf6 7. c3 Bg7 8. exd5 Qxd5 9. Bc4 Qd8 10. O-O Nd7 11. Re1 e6 12. Qc2 c5 13. dxc5 Nxc5 14. Rad1 Qc7 15. Ne4 Nxe4 16. Qxe4 Bd7 17. Qh4 Rae8 18. Ng5 h6 19. Ne4 Bc8 20. Bb3 Rd8 21. Qg3 Qxg3 22. Nxg3 h5 23. Ne4 Be5 24. Re2 Rxd1+ 25. Bxd1 Rd8 26. Rd2 Rxd2 27. Nxd2 b6 28. g3 Ba6 29. f4 Bc7 30. Kf2 h4 31. Nf3 hxg3+ 32. hxg3 Kf8 33. Nd4 Bb7 34. Bf3 Bxf3 35. Kxf3 a6 1/2-1/2

[Event "Montreal Mercredi 04"]
[Site "Montreal CAN"]
[Date "2012.04.04"]
[Round "1"]
[White "Nardone, Raul"]
[Black "Lacroix, Serge"]
[Result "1/2-1/2"]
[WhiteElo "1895"]
[BlackElo "1852"]
[PlyCount "158"]
[GameId "2160767909509678"]
[EventDate "2012.04.13"]
[EventType "swiss"]
[EventRounds "5"]
[EventCountry "CAN"]
[SourceTitle "EXT 2022"]
[Source "ChessBase"]
[SourceDate "2021.10.06"]
[SourceVersion "1"]
[SourceVersionDate "2021.10.06"]
[SourceQuality "1"]

1. e4 e5 2. d4 exd4 3. Qxd4 Nc6 4. Qe3 Bb4+ 5. c3 Ba5 6. Bc4 Bb6 7. Qg3 Qf6 8. Nf3 d6 9. O-O Ne5 10. Nxe5 Qxe5 11. Bf4 Qf6 12. e5 Qg6 13. exd6 Qxg3 14. Bxg3 Be6 15. Bb5+ c6 16. Bd3 Nf6 17. h3 Kd7 18. Na3 Bc5 19. Nc4 Bxc4 20. Bxc4 Rhf8 21. b4 Bb6 22. Bd3 g6 23. c4 Bd4 24. Rab1 Rfe8 25. Rfe1 b6 26. a4 Rxe1+ 27. Rxe1 Re8 28. Re7+ Rxe7 29. dxe7 Kxe7 30. Bb8 a6 31. Ba7 Kd7 32. a5 Kc7 33. Kf1 Kb7 34. Bxb6 Bxb6 35. axb6 Kxb6 36. g4 c5 37. bxc5+ Kxc5 38. f4 a5 39. Ke2 a4 40. Kd2 Kd4 41. Bb1 Ne4+ 42. Kc1 Nc3 43. Bc2 Kxc4 44. f5 a3 45. h4 Ne2+ 46. Kb1 Nd4 47. Be4 Ne2 48. fxg6 fxg6 49. Bc6 Nc3+ 50. Ka1 Kd4 51. Be8 Ke5 52. h5 g5 53. h6 Kf6 54. Bh5 Ke5 55. Bg6 Kf6 56. Bxh7 Nd5 57. Bg8 Ne3 58. Ka2 Kg6 59. Be6 Kxh6 60. Kxa3 Kg6 61. Kb3 Kf6 62. Bc8 Ke5 63. Kc3 Kf4 64. Kd2 Nxg4 65. Ke2 Ne3 66. Kf2 Nf5 67. Bxf5 Kxf5 68. Kf3 g4+ 69. Kg3 Kg5 70. Kg2 Kf4 71. Kf2 Kf5 72. Kg2 Kf4 73. Kf2 g3+ 74. Kg1 Kf5 75. Kf1 Kg4 76. Kg2 Kh4 77. Kg1 Kh3 78. Kh1 g2+ 79. Kg1 Kg3 1/2-1/2

[Event "Montreal Mercredi 04"]
[Site "Montreal CAN"]
[Date "2012.04.04"]
[Round "1"]
[White "Poirier, Erik"]
[Black "Boudreau, Daniel"]
[Result "1-0"]
[WhiteElo "2035"]
[BlackElo "1905"]
[PlyCount "57"]
[GameId "2160767909509679"]
[EventDate "2012.04.13"]
[EventType "swiss"]
[EventRounds "5"]
[EventCountry "CAN"]
[SourceTitle "EXT 2022"]
[Source "ChessBase"]
[SourceDate "2021.10.06"]
[SourceVersion "1"]
[SourceVersionDate "2021.10.06"]
[SourceQuality "1"]

1. d4 Nf6 2. c4 e6 3. Nc3 Bb4 4. e3 c5 5. Bd3 d5 6. Nf3 Nc6 7. O-O dxc4 8. Bxc4 O-O 9. a3 cxd4 10. axb4 dxc3 11. bxc3 Qc7 12. Qe2 Rd8 13. e4 Ne5 14. Nxe5 Qxe5 15. Re1 Qxc3 16. Bg5 e5 17. Rec1 Qxb4 18. Bxf6 gxf6 19. Bxf7+ Kh8 20. Bd5 Qe7 21. Qc4 Bg4 22. Qb3 Rd7 23. Rc3 f5 24. Be6 Rd2 25. h3 Be2 26. exf5 Rad8 27. Rg3 Ba6 28. Qe3 Re2 29. Qh6 1-0

[Event "Montreal Mercredi 04"]
[Site "Montreal CAN"]
[Date "2012.04.04"]
[Round "1"]
[White "Ramaswamy, Kiran"]
[Black "Tremblay, Alain"]
[Result "1/2-1/2"]
[WhiteElo "2029"]
[BlackElo "2028"]
[PlyCount "117"]
[GameId "2160767909509680"]
[EventDate "2012.04.13"]
[EventType "swiss"]
[EventRounds "5"]
[EventCountry "CAN"]
[SourceTitle "EXT 2022"]
[Source "ChessBase"]
[SourceDate "2021.10.06"]
[SourceVersion "1"]
[SourceVersionDate "2021.10.06"]
[SourceQuality "1"]

1. c4 e5 2. g3 Nf6 3. Bg2 d5 4. cxd5 Nxd5 5. Nc3 Nb6 6. Nf3 Nc6 7. O-O Be7 8. b3 O-O 9. Bb2 f6 10. Rc1 Be6 11. Ne4 Qd7 12. d4 exd4 13. Nxd4 Bd5 14. Nxc6 Bxc6 15. Nc5 Bxc5 16. Rxc5 Bxg2 17. Kxg2 Qe7 18. Qc2 c6 19. Rd1 Rfe8 20. e3 Nd5 21. Rc4 Rad8 22. Rcd4 Nb6 23. Ba3 Qc7 24. Qd3 Rxd4 25. Qxd4 Qf7 26. Qd6 g6 27. Bc5 Nc8 28. Qd7 b6 29. Ba3 c5 30. Qc6 Ne7 31. Qb7 Qe6 32. Rd7 a5 33. Bb2 h5 34. h4 Kf8 35. e4 Nc6 36. f3 Re7 37. Rxe7 Nxe7 38. Qb8+ Kg7 39. e5 f5 40. Qd6 Kf7 41. Qxe6+ Kxe6 42. Kf2 f4 43. g4 Nc6 44. Bc1 hxg4 45. fxg4 Nxe5 46. Bxf4 Nxg4+ 47. Kf3 Ne5+ 48. Ke4 Nd7 49. Bg5 b5 50. a4 bxa4 51. bxa4 Nb6 52. Bd8 Nxa4 53. Bxa5 Nb2 54. Kf4 Nd3+ 55. Kg5 Kf7 56. h5 gxh5 57. Kxh5 Ke6 58. Kg4 Kd5 59. Kf3 1/2-1/2

[Event "Montreal Mercredi 04"]
[Site "Montreal CAN"]
[Date "2012.04.13"]
[Round "1"]
[White "Cardin, Guillaume"]
[Black "Chiku-Ratte, Olivier-Kenta"]
[Result "1/2-1/2"]
[WhiteElo "2145"]
[BlackElo "2124"]
[PlyCount "152"]
[GameId "2160767909509681"]
[EventDate "2012.04.13"]
[EventType "swiss"]
[EventRounds "5"]
[EventCountry "CAN"]
[SourceTitle "EXT 2022"]
[Source "ChessBase"]
[SourceDate "2021.10.06"]
[SourceVersion "1"]
[SourceVersionDate "2021.10.06"]
[SourceQuality "1"]

1. e4 c5 2. Nc3 Nc6 3. f4 g6 4. Nf3 Bg7 5. Bb5 Nd4 6. O-O Nxb5 7. Nxb5 d5 8. exd5 a6 9. Nc3 Nf6 10. d4 Nxd5 11. dxc5 Nxc3 12. Qxd8+ Kxd8 13. bxc3 Kc7 14. Nd4 Bf5 15. Nxf5 gxf5 16. Rb1 Bxc3 17. Rb3 Bd4+ 18. Be3 Bxe3+ 19. Rxe3 e6 20. Rd1 h6 21. Red3 Rhd8 22. Kf2 Rxd3 23. cxd3 Rd8 24. d4 Kc6 25. Ke3 Rg8 26. g3 h5 27. Rb1 h4 28. Rb6+ Kc7 29. Kf3 hxg3 30. hxg3 Rd8 31. Ke3 Rh8 32. d5 exd5 33. Kd4 Rg8 34. Rf6 Rxg3 35. Rxf7+ Kc6 36. Rf6+ Kd7 37. Rxf5 Ra3 38. Rf7+ Kc6 39. Rf6+ Kd7 40. Kxd5 Rxa2 41. Rf7+ Kc8 42. f5 Rd2+ 43. Ke6 a5 44. f6 Re2+ 45. Kd6 Rd2+ 46. Ke5 Re2+ 47. Kd4 Rf2 48. Kc4 Rf5 49. Kb5 a4 50. Kb6 Rf1 51. Rc7+ Kd8 52. f7 a3 53. Rxb7 a2 54. Ra7 Rxf7 55. Rxa2 Rf3 56. Ra8+ Ke7 57. Kc7 Rc3 58. c6 Ke6 59. Rd8 Ke7 60. Rd7+ Ke8 61. Rd1 Re3 62. Kc8 Ke7 63. c7 Rc3 64. Rd5 Ke6 65. Rh5 Ke7 66. Rh6 Rb3 67. Rh7+ Ke8 68. Rh1 Rc3 69. Re1+ Kf7 70. Re5 Kf6 71. Rh5 Ke7 72. Kb7 Rb3+ 73. Ka6 Kd7 74. Rc5 Kc8 75. Rc2 Rb7 76. Rh2 Rxc7 1/2-1/2

[Event "Montreal Mercredi 04"]
[Site "Montreal CAN"]
[Date "2012.04.20"]
[Round "1"]
[White "Rondon, Luciano"]
[Black "Baran, Marius"]
[Result "0-1"]
[WhiteElo "1816"]
[BlackElo "1778"]
[PlyCount "100"]
[GameId "2160767909509682"]
[EventDate "2012.04.13"]
[EventType "swiss"]
[EventRounds "5"]
[EventCountry "CAN"]
[SourceTitle "EXT 2022"]
[Source "ChessBase"]
[SourceDate "2021.10.06"]
[SourceVersion "1"]
[SourceVersionDate "2021.10.06"]
[SourceQuality "1"]

1. d4 d5 2. c4 e6 3. Nf3 Nf6 4. Nc3 Nbd7 5. Bg5 Be7 6. Rc1 c6 7. e3 O-O 8. cxd5 Nxd5 9. Bxe7 Qxe7 10. Bd3 Nxc3 11. bxc3 e5 12. Qc2 h6 13. O-O Re8 14. e4 b6 15. Rfe1 Bb7 16. Rcd1 Qa3 17. Re3 Rad8 18. Nh4 g6 19. Rg3 Kh7 20. Bc4 Qe7 21. Rh3 b5 22. Qd2 Qf8 23. Bd3 c5 24. Bxb5 cxd4 25. Qe2 Qg7 26. Rf3 Re7 27. Rg3 Qf6 28. Rh3 Nc5 29. f3 a6 30. Bc4 Red7 31. cxd4 Rxd4 32. Rxd4 Rxd4 33. g4 Qd8 34. Qe3 Rd1+ 35. Bf1 Qd4 36. Qxd4 exd4 37. Ng2 a5 38. Kf2 Na4 39. Nf4 Nc3 40. Bc4 Kg7 41. Rg3 Nxa2 42. Bxa2 Rd2+ 43. Ke1 Rxa2 44. Nd3 Rxh2 45. Nc5 Bc6 46. f4 a4 47. e5 Rc2 48. Na6 Rc4 49. Nb8 Bb5 50. f5 Rc8 0-1

[Event "Montreal Mercredi 04"]
[Site "Montreal CAN"]
[Date "2012.04.11"]
[Round "2"]
[White "Barko, Maxim"]
[Black "Cote, Philippe"]
[Result "1-0"]
[WhiteElo "1668"]
[BlackElo "1672"]
[PlyCount "77"]
[GameId "2160767909509683"]
[EventDate "2012.04.13"]
[EventType "swiss"]
[EventRounds "5"]
[EventCountry "CAN"]
[SourceTitle "EXT 2022"]
[Source "ChessBase"]
[SourceDate "2021.10.06"]
[SourceVersion "1"]
[SourceVersionDate "2021.10.06"]
[SourceQuality "1"]

1. d4 d6 2. c4 Nf6 3. Nf3 g6 4. Bg5 Bg7 5. Nc3 h6 6. Bh4 O-O 7. e3 Nbd7 8. Bd3 Re8 9. O-O e5 10. Qc2 c6 11. Nd2 Qe7 12. f3 g5 13. Bf2 d5 14. Rad1 dxc4 15. Nxc4 Nd5 16. a3 N7b6 17. f4 Nxc3 18. Qxc3 e4 19. Be2 Nd5 20. Qc2 g4 21. Ne5 f5 22. Bc4 Be6 23. b4 Bxe5 24. dxe5 Nb6 25. Be2 h5 26. g3 Kg7 27. Rc1 Rh8 28. Rfd1 Nd5 29. Qc5 Qf7 30. b5 h4 31. gxh4 Rh5 32. bxc6 bxc6 33. Qxc6 Rah8 34. Rb1 Rxh4 35. Rb8 Ne7 36. Qd6 Rxh2 37. Kf1 Rh1+ 38. Bg1 Re8 39. Bb5 1-0

[Event "Montreal Mercredi 04"]
[Site "Montreal CAN"]
[Date "2012.04.11"]
[Round "2"]
[White "Boudreau, Daniel"]
[Black "Ramaswamy, Kiran"]
[Result "1-0"]
[WhiteElo "1905"]
[BlackElo "2029"]
[PlyCount "49"]
[GameId "2160767909509684"]
[EventDate "2012.04.13"]
[EventType "swiss"]
[EventRounds "5"]
[EventCountry "CAN"]
[SourceTitle "EXT 2022"]
[Source "ChessBase"]
[SourceDate "2021.10.06"]
[SourceVersion "1"]
[SourceVersionDate "2021.10.06"]
[SourceQuality "1"]

1. e4 c5 2. Nf3 Nc6 3. Bb5 d6 4. Bxc6+ bxc6 5. O-O e5 6. h3 Nf6 7. Re1 Be7 8. c3 O-O 9. d4 cxd4 10. cxd4 exd4 11. Nxd4 Bb7 12. Qc2 Rc8 13. Nc3 Nd7 14. Nf5 Re8 15. Re3 Bf8 16. Rg3 Ne5 17. Bf4 Qd7 18. Rd1 d5 19. h4 Ng6 20. Be3 Qe6 21. h5 dxe4 22. Nd4 Qe5 23. hxg6 hxg6 24. Rg5 f5 25. Qb3+ 1-0

[Event "Montreal Mercredi 04"]
[Site "Montreal CAN"]
[Date "2012.04.11"]
[Round "2"]
[White "Cardin, Guillaume"]
[Black "Cockburn, Denton"]
[Result "1-0"]
[WhiteElo "2145"]
[BlackElo "2277"]
[PlyCount "61"]
[GameId "2160767909509685"]
[EventDate "2012.04.13"]
[EventType "swiss"]
[EventRounds "5"]
[EventCountry "CAN"]
[SourceTitle "EXT 2022"]
[Source "ChessBase"]
[SourceDate "2021.10.06"]
[SourceVersion "1"]
[SourceVersionDate "2021.10.06"]
[SourceQuality "1"]

1. e4 c5 2. Nc3 Nc6 3. f4 g6 4. Nf3 Bg7 5. Bb5 Qb6 6. Bxc6 Qxc6 7. d3 e6 8. e5 d6 9. Ne4 dxe5 10. fxe5 f5 11. Nd6+ Kf8 12. Qe2 Ne7 13. Ng5 h6 14. Ngf7 Rh7 15. h4 Bd7 16. h5 g5 17. Bxg5 hxg5 18. h6 g4 19. hxg7+ Kxg7 20. Rxh7+ Kxh7 21. Qd2 Ng8 22. O-O-O Kg7 23. Qg5+ Kf8 24. Nh6 Be8 25. Nxg8 Qxg2 26. Qh6+ Kxg8 27. Rh1 Qxh1+ 28. Qxh1 Bc6 29. Qh5 Rf8 30. Qg6+ Kh8 31. Nf7+ 1-0

[Event "Montreal Mercredi 04"]
[Site "Montreal CAN"]
[Date "2012.04.11"]
[Round "2"]
[White "Chiku-Ratte, Olivier-Kenta"]
[Black "De Briey, Laurent"]
[Result "1-0"]
[WhiteElo "2124"]
[BlackElo "2221"]
[PlyCount "87"]
[GameId "2160767909509686"]
[EventDate "2012.04.13"]
[EventType "swiss"]
[EventRounds "5"]
[EventCountry "CAN"]
[SourceTitle "EXT 2022"]
[Source "ChessBase"]
[SourceDate "2021.10.06"]
[SourceVersion "1"]
[SourceVersionDate "2021.10.06"]
[SourceQuality "1"]

1. d4 g6 2. c4 Bg7 3. e4 d6 4. Nc3 Nf6 5. f4 O-O 6. Nf3 c5 7. d5 e6 8. Be2 exd5 9. cxd5 Re8 10. Nd2 Na6 11. O-O Rb8 12. a4 Nb4 13. Bf3 b6 14. e5 dxe5 15. fxe5 Nfxd5 16. Nxd5 Nxd5 17. Nc4 Be6 18. Nd6 Bxe5 19. Nxe8 Qh4 20. g3 Qd4+ 21. Kg2 Rxe8 22. Qe2 Nb4 23. Be3 Qxb2 24. Qxb2 Bxb2 25. Rab1 Bg7 26. Bf4 Nd5 27. a5 Nc3 28. axb6 axb6 29. Rxb6 Bc4 30. Rc1 Bd4 31. Bd2 Bd5 32. Re1 Rxe1 33. Bxe1 Bxf3+ 34. Kxf3 Kg7 35. Bd2 h5 36. h4 f5 37. Rb7+ Kf6 38. Rb6+ Kf7 39. Bxc3 Bxc3 40. Kf4 Bd2+ 41. Ke5 c4 42. Rb7+ Ke8 43. Ke6 Kd8 44. Rd7+ 1-0